000
00267nam a2200097Ia 4500
001
1206830
005
20251017101414.0
008
250824s9999 xx 000 0 und d
245
0
_a
ŞIPSEVDİ
_c
HÜSEYİN RAHMİ GÜRPINAR
260
_b
BİLGE KÜLTÜR SANAT YAYINLARI
999
_c
1206830
_d
1206830